000 00637nam a2200229Ia 4500
003 OSt
005 20220928102251.0
006 a|||||r|||| 00| 0
007 ta
008 220927b |||||||| |||| 00| 0 eng d
024 _a8625
037 _cTextual
040 _aSDCL
_cSDCL
_beng
041 _2eng
_aeng
082 _aO152,1N26:g, P7
100 _aSharma Haricharan
_9397516
245 0 _aDharamveer bharti ka kavya
_b Srishti aur drishti.
260 _aDelhi
_bMalik and Company
_c2007
300 _a152p
_ccm.
942 _hO152,1N26:g, P7
_cTEXL
_2CC
999 _c713316
_d713316